O presente celestial (Record no. 71402)

MARC details
000 -LÍDER
campo de controle de tamanho fixo 00354 a2200157 4500
001 - NÚMERO DE CONTROLE
campo de controle 71402
020 ## - ISBN - INTERNATIONAL STANDARD BOOK NUMBER
ISBN - International Standard Book Number 8598553158
040 ## - FONTE DA CATALOGAÇÃO
Instituição que transcreveu o registro Anchieta - Colégio São Paulo
100 ## - ENTRADA PRINCIPAL--NOME PESSOAL
Nome pessoal Cedraz, Antônio
240 10 - TÍTULO UNIFORME
Título uniforme O presente celestial
Idioma da obra por
245 10 - TÍTULO
Título O presente celestial
300 ## - DESCRIÇÃO FÍSICA
Extensão 27
362 0# - DATAS DE PUBLICAÇÃO E/OU DESIGNAÇÃO SEQUENCIAL
Datas de publicação e/ou designação sequencial 2006
650 #4 - ASSUNTO--TERMO TÓPICO
Cabeçalho tópico ou nome geográfico Literatura infantil
942 ## - ELEMENTOS DE ENTRADA ADICIONADOS (KOHA)
Tipo de material Koha Livros
Holdings
Situação do descarte Situação das perdas Situação física Não pode ser emprestado Biblioteca de origem Biblioteca atual Data de aquisição Total de empréstimos Código de barras Data de último acesso Data do preço efetivo Tipo de material Koha Número de chamada completo
        Colégio São Paulo Colégio São Paulo 22/11/2023   494/CSP 22/11/2023 22/11/2023 Livros  
        Colégio São Paulo Colégio São Paulo 22/11/2023   4928/CSP 22/11/2023 22/11/2023 Livros LI 028.5 C389p
        Colégio São Paulo Colégio São Paulo 22/11/2023   4929/CSP 22/11/2023 22/11/2023 Livros LI 028.5 C389p
        Colégio São Paulo Colégio São Paulo 22/11/2023   4930/CSP 22/11/2023 22/11/2023 Livros LI 028.5 C389p